000 00385nam a2200169Ia 4500
001 25490
003 IN-NITTTR
005 20251114233323.0
008 251113s9999||||xx |||||||||||||| ||eng||
040 _beng
040 _cIN-NITTTR
041 _aeng
082 _a621.6 P969
245 0 _aPump handbook /
_cKarassik, Igor J., ed.
700 _aKarassik, Igor J.
942 _2ddc
_cBK
999 _c28119
_d28119